Sociální marketingové kampaně v Česku. IV., Ochrana životního prostředí /
Uloženo v:
| Hlavní autor: | |
|---|---|
| Další autoři: | |
| Médium: | E-kniha |
| Jazyk: | Czech |
| Vydáno: |
Zlín :
Radim Bačuvčík - VeRBuM,
2018
|
| Vydání: | 1. vydání |
| Témata: | |
| Tagy: |
Žádné tagy |
| LEADER | 02102nam a2200529 i 4500 | ||
|---|---|---|---|
| 001 | 311066 | ||
| 003 | CZ PrSKC | ||
| 005 | 20260601215659.0 | ||
| 007 | ta | ||
| 008 | 190122s2018 xr a f 001 0 cze | ||
| 015 | |a cnb003071871 | ||
| 020 | |a 9788087500972 |q (brožováno) | ||
| 035 | |a (OCoLC)1111981514 | ||
| 040 | |a ABA001 |b cze |d OLA001 |e rda | ||
| 041 | 0 | |a cze |b cze |b eng | |
| 043 | |a e-xr--- | ||
| 072 | 7 | |a 659 |x Reklama. Public relations. Média |2 Konspekt | |
| 080 | |a 658.8:364 |2 MRF | ||
| 080 | |a 659.1:364 |2 MRF | ||
| 080 | |a 502.17 |2 MRF | ||
| 080 | |a (437.3) |2 MRF | ||
| 080 | |a (048.8) |2 MRF | ||
| 100 | 1 | |a Bačuvčík, Radim, |d 1975- |7 mzk2005306721 |4 aut | |
| 245 | 1 | 0 | |a Sociální marketingové kampaně v Česku. |n IV., |p Ochrana životního prostředí / |c Radim Bačuvčík, Lenka Harantová |
| 246 | 3 | 0 | |a Ochrana životního prostředí |
| 250 | |a 1. vydání | ||
| 264 | 1 | |a Zlín : |b Radim Bačuvčík - VeRBuM, |c 2018 | |
| 300 | |a 310 stran : |b ilustrace ; |c 21 cm | ||
| 336 | |a text |b txt |2 rdacontent | ||
| 337 | |a bez média |b n |2 rdamedia | ||
| 338 | |a svazek |b nc |2 rdacarrier | ||
| 504 | |a Obsahuje bibliografii, bibliografické odkazy a rejstřík | ||
| 546 | |a České a anglické resumé | ||
| 650 | 0 | 7 | |a sociální marketing |7 ph249631 |z Česko |2 czenas |
| 650 | 0 | 7 | |a sociální reklama |7 ph830956 |z Česko |2 czenas |
| 650 | 0 | 7 | |a ochrana životního prostředí |7 ph115553 |2 czenas |
| 650 | 0 | 9 | |a social marketing |z Czechia |2 eczenas |
| 650 | 0 | 9 | |a environmental protection |2 eczenas |
| 655 | 7 | |a monografie |7 fd132842 |2 czenas | |
| 655 | 9 | |a monographs |2 eczenas | |
| 700 | 1 | |a Harantová, Lenka, |d 1984- |7 utb2012733513 |4 aut | |
| 900 | |a ABA001 |b 19 | ||
| 928 | 9 | |a VeRBuM | |
| 044 | |a xr | ||
| 910 | |a RBIT002 | ||
| 998 | |d 185871 |a https://core.palmknihy.cz/api/books/185871/cover?pujccp |b https://core.palmknihy.cz/api/books/185871/cover/400?pujccp |c https://core.palmknihy.cz/api/books/185871/cover/50?pujccp |e 2999-12-31 |g 310 |i 9788087500972 |k https://core.palmknihy.cz/api/books/185871/preview.pdf |l |q 49 |r 1 |s https://www.palmknihy.cz/kniha/185871 |t ebook |y 2018 |z 0 | ||
| 999 | |d 311064 | ||